| 000 | 01778nam a2200481 a 4500 | ||
|---|---|---|---|
| 001 | 000004627 | ||
| 003 | DO-SdBNP | ||
| 005 | 20171009125914.0 | ||
| 007 | 000004627 | ||
| 008 | 090724s2000 dr a 000 0 spa d | ||
| 020 | _a9993410373 | ||
| 040 |
_aBPMSU _bspa _cBPMSU |
||
| 082 | 4 |
_a923.57293 _bP977C, 2006 |
|
| 100 | 1 |
_aCassá, Roberto, _d1948- |
|
| 245 | 1 | 0 |
_aJosé Joaquín Puello : _btribuno del pueblo / _cRoberto Cassá. |
| 250 | _a2a. ed. | ||
| 260 |
_aSanto Domingo : _bTopogán, _c2006 |
||
| 300 |
_a43 p. : _bil. ; _c21 cm. |
||
| 490 | 1 | _aBiografías Dominicana Tobagán | |
| 504 | _aBibliografía: p. 43 | ||
| 600 | 1 | 4 |
_aPUELLO Y CASTRO, JOSÉ JOAQUÍN, _d1808-1847 |
| 651 | 4 |
_aREPÚBLICA DOMINICANA _xHISTORIA _y40OCUPACIÓN HAITIANA 1822-1844 |
|
| 830 | 0 | _aBiografías Dominicana Tobagán | |
| 910 | _aValidado. Control de calidad BNPHU | ||
| 930 | 1 |
_lBND01 _mLF1 _h923.57293 _820110707 _f04 _pHD _g1480 _he. 3 |
|
| 930 | 1 |
_lBND01 _mLF1 _h923.57293 _820090724 _f01 _pHD _g1480 |
|
| 930 | 1 |
_lBND01 _mLF1 _h923.57293 _820110707 _f01 _pHD _g1480 _he. 2 |
|
| 942 |
_2ddc _cBK |
||
| 945 | _aInventariado, 2017/MFF | ||
| 956 |
_aAVARGAS _b10 _c20090724 _lBND01 _h0918 |
||
| 956 |
_aMFILETO _b10 _c20090828 _lBND01 _h1427 |
||
| 956 |
_aMFILETO _b10 _c20090828 _lBND01 _h1437 |
||
| 956 |
_aMMOLINA _b40 _c20090829 _lBND01 _h0753 |
||
| 956 |
_aBATCH _b00 _c20091013 _lBND01 _h1512 |
||
| 956 |
_aBATCH _b00 _c20100216 _lBND01 _h1119 |
||
| 956 |
_aBTAVAREZ _b10 _c20100413 _lBND01 _h1011 |
||
| 956 |
_aMMOLINA _b30 _c20100702 _lBND01 _h1543 |
||
| 956 |
_aMMOLINA _b30 _c20100721 _lBND01 _h1127 |
||
| 956 |
_aMMOLINA _b10 _c20110707 _lBND01 _h1601 |
||
| 956 |
_aMMOLINA _b40 _c20110718 _lBND01 _h0953 |
||
| 956 |
_aMMOLINA _b40 _c20110718 _lBND01 _h0956 |
||
| 956 |
_aMMOLINA _b40 _c20110718 _lBND01 _h1354 |
||
| 999 |
_c7406 _d7406 |
||